| 000 | 01167 a2200229 4500 | ||
|---|---|---|---|
| 001 | 29755 | ||
| 005 | 20260407155608.0 | ||
| 008 | 260407a1998 arg spa d | ||
| 003 | AR-UNSa-BCEJYS | ||
| 040 |
_aAR-UNSa-BCEJYS _bspa _cAR-UNSa-BCEJYS |
||
| 080 |
_a347 _xDerecho Civil |
||
| 245 | 1 | 0 |
_aCurso de derecho civil _pparte general |
| 020 | _a950-20-1089-2 | ||
| 264 | 1 |
_aBuenos Aires : _bAbeledo Perrot _c1998 |
|
| 300 |
_a333 p. _c23 cm. |
||
| 505 | _a1. La relación jurídica - 2. Personas - 3. Atributos de la personalidad - 4. Capacidad - 5. Dementes - 6. Derechos de la personalidad - 7. Muerte natural y civil - 8. Personas jurídicas. Naturaleza jurídica - 9. El patrimonio - 10. Hechos jurídicos - 11. Actos jurídicos - 12. Forma de los actos jurídicos. Regla general - 13. Vicios de los actos voluntarios - 14. Vicios propios de los actos jurídicos - 15. Ineficacia de los actos jurídicos | ||
| 041 | _aspa | ||
| 942 | _cBK | ||
| 590 | _aniveau_biblio:m niveau_hierar:0 | ||
| 100 | 1 | _aPérez, Benjamín | |
| 856 | 4 | 1 |
_uhttps://biblioeco.unsa.edu.ar/pmb/images/libros/Curso de Dercho Civil(parte general)-l86751.jpg _yImagen de portada _qimage/jpeg |
| 999 |
_c1953 _d1953 |
||